| 000 -LEADER |
| fixed length control field |
00520nam a22001937a 4500 |
| 008 - FIXED-LENGTH DATA ELEMENTS--GENERAL INFORMATION |
| fixed length control field |
131007b xxu||||| |||| 00| 0 ger d |
| 020 ## - INTERNATIONAL STANDARD BOOK NUMBER |
| International Standard Book Number |
3446195955 |
| 041 0# - LANGUAGE CODE |
| Language code of text/sound track or separate title |
ger |
| 080 ## - UNIVERSAL DECIMAL CLASSIFICATION NUMBER |
| Universal Decimal Classification number |
004.42 |
| 100 1# - Rafti |
| Rafti |
Doberenz, Walter |
| 245 10 - TITLE STATEMENT |
| Title |
Programmieren lernen in Borland Delphi 4 |
| Statement of responsibility, etc |
Walter Doberenz |
| 260 ## - |
| -- |
Munchen |
| -- |
Wien |
| -- |
Carl Hanser Verlag |
| -- |
1999 |
| 300 ## - |
| -- |
315 f. |
| -- |
ill. |
| -- |
24 cm |
| 500 ## - |
| -- |
Parathenie [V]-[VI] |
| 650 #0 - |
| -- |
Kompjuterat |
| 650 #0 - |
| -- |
Programimi |
| 700 1# - |
| -- |
Kowalski, Thomas |
| 942 ## - ADDED ENTRY ELEMENTS (KOHA) |
| Source of classification or shelving scheme |
|
| Item type |
Books |